000 01182nam0a2200313 4500
001 RU\NLR\bibl\1690679
005 20250616054355.0
035 _a(NLR Aleph) 001681798
090 _a1105944
_c1105944
100 _a20101025d1992 |||y0rusy50 ca
101 1 _arus
_ceng
102 _aRU
105 _ay |||||||||
200 1 _aКак жить после психической травмы
_fБенджамин Колодзин
_g[пер. с англ.: Савельевой И.В.]
210 _a[Б.м.]
_cШанс
_d1992
215 _a94, [1] c.
_d20
300 _aЗагл. ориг.: Trauma and survival
454 0 _12001#$aTrauma and survival
_tTrauma and survival
606 1 _aПосттравматическое стрессовое расстройство
_92239047
_3RU\NLR\auth\661343619
606 1 _aТравмы психологические
_xСаморегуляция
_92568521
_3RU\NLR\auth\661519003
686 _aР645.93
686 _aЮ93-69
686 _aЮ935.21-78
700 1 _aКолодзин
_bБ.
_gБенджамин
_4070
801 0 _aRU
_bNLR
_c20101025
_gRCR
801 1 _aRU
_bNLR
_c20101025
942 _cBOOK
980 _aNB